000 00555nam a2200169 a 4500
001 000046092
005 20201002052631.0
008 110404s200u dr 000 0 spa d
040 _aDO-SdBNP
_bspa
_cBNPHU
100 1 _aCastro García, Teófilo
_954757
245 1 0 _aIntervención Yanqui 1916-1924 /
_cTeófilo Castro García.
250 _a3a. ed. corr. y ampliada
260 _aSanto Domingo :
_b[s.d.],
_c[200-].
300 _a134 p. ;
_c21 cm.
500 _aIncluye datos biografícos del autor en la contraportada
504 _aBibliografía : p. 134
999 _c45581
_d45581